000 00281nam a22001337a 4500
008 170918b xxu||||| |||| 00| 0 eng d
020 _a0877545561
041 _aeng
080 _a7
100 _a44
101 _aART
245 _aJOAN OF ARC
_cSCHLESINGER,A.M
942 _2udc
_cBK
999 _c27898
_d27898